000 05619nam0a22004451 4500
001 RU\NLR\BIBL_A\011315164
005 20260408075833.0
035 _a(NLR Aleph) 011315164
090 _a11043933
_c11043933
100 _a20170125d1820 |||y0rusy50 ca
101 0 _arus
102 _aRU
105 _ay n 000yy
200 1 _aПривилегия [выданная обществу об учреждении по Московскому тракту почтовых колясок наподобие иностранных дилижансов]
210 _a[Б.м.
_d1820]
215 _a[2] с.
_d
300 _aВ ПСЗ опубл. вместе с высочайше утвержденным положением Комитета министров
304 _aВ конце текста: Подписал: князь Александр Голицын. Скрепил директор Николай Жулковский
316 _aЭкз. РНБ (18.105.1.35-2-90-2) является частью владельч. конволюта. Припл. к: Из Санктпетербургскаго убернскаго [!] правления: [Сообщение о рассылке сенатского указа от 16 сентября 1819 года, с прописанием привилегии, выданной Министерством внутренних дел одесскому купцу Сизону на изобретенные им машины для сушения пшеницы и другого рода зерен]. - [Б.м., дек. 1819].
_5NLR: 18.105.1.35-2-90-2
316 _aЭкз. РНБ (18.89.1.1-6-57) является частью владельч. конволюта. Приплетено ... единиц. Составной картонный переплет, оклеенный мраморной бумагой. Корешок и уголки из кожи цвета бордо. На корешке тиснение золотом, тисненые золотом (золото практически утрачено) гербовый экслибрис РНБ и надписи: "Указы 1820 года", "2 половина", "И.Б.". На форзаце ярлык-марка с шифром РНБ. На с.[1] круглый штамп ГПБ. В экз. РНБ имеется печатный "Реэстр его императорскаго величества Указам, манифестам, докладам, штатам, и другим положениям во второй половине 1820 года напечатанным".
_5NLR: 18.89.1.1-6-57
321 _aПСЗ. Т.37. 28317
482 0 _1001RU\NLR\BIBL_A\011237059
_12001#$aИз Санктпетербургскаго убернскаго [!] правления.$e[Сообщение о рассылке сенатского указа от 16 сентября 1819 года, с прописанием привилегии, выданной Министерством внутренних дел одесскому купцу Сизону на изобретенные им машины для сушения пшеницы и другого рода зерен]
_1210##$a[Б.м.$dдек. 1819]
_912101089
_aПетербургское губернское правление
_c[Б.м.
_dдек. 1819]
_o[Сообщение о рассылке сенатского указа от 16 сентября 1819 года, с прописанием привилегии, выданной Министерством внутренних дел одесскому купцу Сизону на изобретенные им машины для сушения пшеницы и другого рода зерен]
_p[4] с.
_tИз Санктпетербургскаго убернскаго [!] правления.
482 0 _12001#$aУказ его императорскаго величества самодержца всероссийскаго,$e[Дабы никакие акты, до фабрик и заводов относящиеся, без предварительных сношений с Департаментом мануфактур и внутренней торговли совершаемы не были, и о проч.]$fиз Правительствующаго Сената
_1210##$a[Б.м.$dиюль 1820]
_tУказ его императорскаго величества самодержца всероссийскаго,
606 1 _aЗаконодательство
_yРоссия
_z1801 - 1825
_92280395
_3RU\NLR\AUTH\6601594564
686 _aХ2(2)47-3
702 0 _4720
_8rus
_7ca
_aАлександр
_cимператор российский
_dI
_f1777-1825
_3RU\NLR\AUTH\775342
_9115306
702 1 _4570
_8rus
_7ca
_aГолицын
_bА. Н.
_f1773-1844
_gАлександр Николаевич
_3RU\NLR\AUTH\7760486
_943417
702 1 _4570
_7ca
_8rus
_aЖулковский
_bН. Д.
_f1769-1832
_gНиколай Дмитриевич
_9168508
_3RU\NLR\AUTH\770168557
710 0 2 _aОбщество первоначального в России заведения дилижансов
_9545656
_3RU\NLR\AUTH\880440752
711 0 1 _4720
_aРоссия
_bИмператор
_c1801-1825; Александр I
_3RU\NLR\AUTH\8810042745
_9584940
711 0 1 _4570
_aРоссия
_bКомитет министров
_3RU\NLR\AUTH\8810082470
_9667100
852 _aNLR
_j18.105.1.35-2-90-2
852 _aNLR
_j18.89.1.1-6-57
942 _cBOOK
980 _aNB
980 _aA1XVIIIv
980 _aA1UKAZ